| 000 | 00787cam a22002657a 4500 | ||
|---|---|---|---|
| 003 | CHAP | ||
| 005 | 20220329134603.0 | ||
| 008 | 971013s1977 r 00010 d | ||
| 010 | _a22602 | ||
| 011 | _a23574 | ||
| 035 | _a27670 | ||
| 040 | _cCHAP | ||
| 090 | _aFolleto 7241 | ||
| 111 | 0 | 0 |
_aAustralian Society of Dairy Technology. _98397 |
| 245 | 1 | 2 | _aA pocket book cheddar cheese manufature |
| 260 |
_aHighett : _bAustralian Society of Dairy Technology, _c1977 |
||
| 300 | _a19 p | ||
| 590 |
_aBATCH-UPD _b10 _c20130110 _lUCH01 _h0219 |
||
| 590 |
_aBATCH-UPD _b10 _c20130110 _lUCH01 _h2010 |
||
| 590 |
_aCONVERSION _b10 _c20130109 _lUCH01 _h1313 |
||
| 650 | 1 | 4 |
_aQueso _xProcesado. _993233 |
| 901 | _aBK | ||
| 942 | _cFOLL | ||
| 949 |
_bBC _cFOLL _d-64110 _eTS1 _i27670 _mDirecto _si _t72.36 |
||
| 999 |
_c22602 _d22602 |
||